[Event "CYCC U08"]
[Site "Ottawa CAN"]
[Date "2007.07.04"]
[Round "4"]
[White "Clavelle, Brendan"]
[Black "Kavchak, Michael"]
[Result "0-1"]
[WhiteElo "1076"]
[BlackElo "807"]
[PlyCount "46"]
[GameId "2160767910650644"]
[EventDate "2007.07.03"]
[EventType "swiss"]
[EventRounds "7"]
[EventCountry "CAN"]
[SourceTitle "EXT 2022"]
[Source "ChessBase"]
[SourceDate "2021.10.06"]
[SourceVersion "1"]
[SourceVersionDate "2021.10.06"]
[SourceQuality "1"]

1. e4 e5 2. Nf3 Nc6 3. Bc4 Nf6 4. d4 exd4 5. e5 Ng4 6. h3 Ngxe5 7. Nxe5 Nxe5 8. Bf4 Nxc4 9. Qxd4 Nd6 10. Nc3 Be7 11. Qe3 O-O 12. Qg3 Nf5 13. Qg4 d6 14. O-O Ne3 15. Qg3 Nxf1 16. Rxf1 Bh4 17. Qd3 b6 18. Re1 Bb7 19. g3 Bf6 20. Nd5 Qd7 21. Nxf6+ gxf6 22. Bh6 Qxh3 23. Qf1 Qh1# 0-1

[Event "CYCC U08"]
[Site "Ottawa CAN"]
[Date "2007.07.04"]
[Round "4"]
[White "Li, Yinshi"]
[Black "Awatramani, Janak"]
[Result "1/2-1/2"]
[WhiteElo "1284"]
[BlackElo "1352"]
[PlyCount "61"]
[GameId "2160767910650646"]
[EventDate "2007.07.03"]
[EventType "swiss"]
[EventRounds "7"]
[EventCountry "CAN"]
[SourceTitle "EXT 2022"]
[Source "ChessBase"]
[SourceDate "2021.10.06"]
[SourceVersion "1"]
[SourceVersionDate "2021.10.06"]
[SourceQuality "1"]

1. e4 b6 2. d4 Bb7 3. Bd3 e6 4. Nc3 Nf6 5. Bf4 d5 6. e5 Nfd7 7. Nce2 a6 8. Be3 c5 9. c3 c4 10. Bc2 b5 11. a3 a5 12. Qd2 Nc6 13. f4 g6 14. Nf3 h5 15. h3 b4 16. axb4 axb4 17. Rxa8 Qxa8 18. O-O b3 19. Bb1 Ne7 20. g3 Ng8 21. Kg2 Nh6 22. Nh2 Bg7 23. Ng1 Kd8 24. Ngf3 Kc7 25. Ng5 Qa6 26. Re1 Re8 27. Rf1 Rh8 28. Re1 Nf8 29. Rf1 Nd7 30. Re1 Nf8 31. Rf1 1/2-1/2

[Event "CYCC U08"]
[Site "Ottawa CAN"]
[Date "2007.07.04"]
[Round "4"]
[White "Luo, Alan"]
[Black "Sirkovich, Daniel"]
[Result "0-1"]
[WhiteElo "1055"]
[BlackElo "914"]
[PlyCount "54"]
[GameId "2160767910650647"]
[EventDate "2007.07.03"]
[EventType "swiss"]
[EventRounds "7"]
[EventCountry "CAN"]
[SourceTitle "EXT 2022"]
[Source "ChessBase"]
[SourceDate "2021.10.06"]
[SourceVersion "1"]
[SourceVersionDate "2021.10.06"]
[SourceQuality "1"]

1. e4 e5 2. Nf3 Nc6 3. Nc3 Nf6 4. Bc4 Nxe4 5. Nxe4 d5 6. Bxd5 Qxd5 7. Nc3 Qc5 8. d3 Nd4 9. Be3 Nxf3+ 10. Qxf3 Qb4 11. a3 Qxb2 12. Rd1 Qxc3+ 13. Bd2 Qxc2 14. Rc1 Qb3 15. Rxc7 h5 16. Rc3 Qb6 17. O-O Qg6 18. Rfc1 Bd7 19. Qe3 Bd6 20. d4 O-O 21. dxe5 Bxe5 22. Qxe5 Bh3 23. Rxh3 Rac8 24. Rxc8 Rxc8 25. Qxh5 Qb1+ 26. Qd1 Qxd1+ 27. Be1 Qxe1# 0-1

[Event "CYCC U08"]
[Site "Ottawa CAN"]
[Date "2007.07.05"]
[Round "5"]
[White "Awatramani, Janak"]
[Black "Andronescu, Tiberiu"]
[Result "1-0"]
[WhiteElo "1352"]
[BlackElo "1192"]
[PlyCount "109"]
[GameId "2160767910650648"]
[EventDate "2007.07.03"]
[EventType "swiss"]
[EventRounds "7"]
[EventCountry "CAN"]
[SourceTitle "EXT 2022"]
[Source "ChessBase"]
[SourceDate "2021.10.06"]
[SourceVersion "1"]
[SourceVersionDate "2021.10.06"]
[SourceQuality "1"]

1. g3 d5 2. Bg2 Nf6 3. d3 c5 4. Bg5 e6 5. Nc3 Nc6 6. e4 d4 7. Nce2 h6 8. Bd2 e5 9. a3 Bd6 10. b3 Bd7 11. f4 Qc7 12. f5 O-O-O 13. g4 Kb8 14. Ng3 Rdg8 15. h4 Be7 16. g5 hxg5 17. hxg5 Nh7 18. Nf3 Qd8 19. Qc1 Nf8 20. Kf2 Rxh1 21. Qxh1 Nb4 22. Bxb4 cxb4 23. Qh4 f6 24. g6 Qc7 25. Ne1 Qc3 26. Rb1 Qd2+ 27. Ne2 Qe3+ 28. Kf1 Qg5 29. Qxg5 fxg5 30. Nf3 Rh8 31. Nxe5 Kc7 32. Nxd7 Nxd7 33. Nxd4 Bf6 34. Ne6+ Kb6 35. Kf2 Kc6 36. e5+ Kb6 37. exf6 Nxf6 38. Rh1 Rc8 39. Rc1 Rg8 40. Nxg5 Ng4+ 41. Kg3 Ne3 42. Be4 Rc8 43. Kf4 Rxc2 44. Rxc2 Nxc2 45. f6 gxf6 46. g7 fxg5+ 47. Kxg5 Nd4 48. g8=Q Nb5 49. Qb8 Kc5 50. Qxb7 Nxa3 51. Qd5+ Kb6 52. Qc6+ Ka5 53. d4 a6 54. d5 Nb1 55. Qc5# 1-0

[Event "CYCC U08"]
[Site "Ottawa CAN"]
[Date "2007.07.05"]
[Round "5"]
[White "Carradice, Lemuel"]
[Black "Kavchak, Michael"]
[Result "0-1"]
[WhiteElo "902"]
[BlackElo "807"]
[PlyCount "108"]
[GameId "2160767910650649"]
[EventDate "2007.07.03"]
[EventType "swiss"]
[EventRounds "7"]
[EventCountry "CAN"]
[SourceTitle "EXT 2022"]
[Source "ChessBase"]
[SourceDate "2021.10.06"]
[SourceVersion "1"]
[SourceVersionDate "2021.10.06"]
[SourceQuality "1"]

1. b3 e5 2. Bb2 Nc6 3. e3 d5 4. Bb5 Bd6 5. Nf3 e4 6. Nd4 Bd7 7. Nxc6 bxc6 8. Ba6 Nf6 9. Nc3 O-O 10. Na4 Qe7 11. O-O c5 12. f3 c6 13. fxe4 Nxe4 14. d3 Nf6 15. e4 Bc7 16. d4 Qd6 17. dxc5 Qxh2+ 18. Kf2 Bg3+ 19. Ke2 Qxg2+ 20. Kd3 Qxe4+ 21. Kd2 Bf4+ 22. Kc3 Qe3+ 23. Kb4 Rab8+ 24. Ka3 Qe4 25. Rxf4 Qxf4 26. Bc1 Qb4+ 27. Kb2 Qxa4 28. Be3 Qxa6 29. Bf4 Rb5 30. a4 Rxc5 31. Be3 Bg4 32. Qd3 Be2 33. Qxa6 Bxa6 34. Bxc5 Re8 35. b4 Re2 36. Rd1 Ne4 37. Bxa7 f5 38. Rf1 Bd3 39. Rxf5 Rxc2+ 40. Kb3 Nd2+ 41. Ka3 Bxf5 42. b5 d4 43. Kb4 Rc4+ 44. Ka5 d3 45. bxc6 Nb3+ 46. Ka6 d2 47. Kb5 d1=Q 48. Kxc4 Qd3+ 49. Kb4 Be6 50. a5 Qc4+ 51. Ka3 Nc1 52. Kb2 Bf5 53. Be3 Qc2+ 54. Ka3 Qb3# 0-1

[Event "CYCC U08"]
[Site "Ottawa CAN"]
[Date "2007.07.05"]
[Round "5"]
[White "Chamoun, Emile"]
[Black "Doknjas, John"]
[Result "0-1"]
[WhiteElo "1236"]
[BlackElo "1336"]
[PlyCount "54"]
[GameId "2160767910650650"]
[EventDate "2007.07.03"]
[EventType "swiss"]
[EventRounds "7"]
[EventCountry "CAN"]
[SourceTitle "EXT 2022"]
[Source "ChessBase"]
[SourceDate "2021.10.06"]
[SourceVersion "1"]
[SourceVersionDate "2021.10.06"]
[SourceQuality "1"]

1. e4 e6 2. Nc3 d5 3. exd5 exd5 4. d3 Nf6 5. g3 c6 6. Bg2 Qb6 7. Na4 Qa5+ 8. c3 b5 9. Qe2+ Be6 10. f4 Kd8 11. Nf3 bxa4 12. Ng5 Qc7 13. Nxe6+ fxe6 14. Qxe6 Qe7 15. Qxe7+ Bxe7 16. O-O Re8 17. h3 Kc7 18. Be3 Ba3 19. Bxa7 Bxb2 20. Bb6+ Kxb6 21. Rab1 a3 22. c4 dxc4 23. dxc4 Kc7 24. g4 Ne4 25. Rfe1 Nd6 26. c5 Rxe1+ 27. Rxe1 Nc8 0-1

[Event "CYCC U08"]
[Site "Ottawa CAN"]
[Date "2007.07.05"]
[Round "5"]
[White "Lee, Jonah"]
[Black "Li, Yinshi"]
[Result "0-1"]
[WhiteElo "1232"]
[BlackElo "1284"]
[PlyCount "138"]
[GameId "2160767910650651"]
[EventDate "2007.07.03"]
[EventType "swiss"]
[EventRounds "7"]
[EventCountry "CAN"]
[SourceTitle "EXT 2022"]
[Source "ChessBase"]
[SourceDate "2021.10.06"]
[SourceVersion "1"]
[SourceVersionDate "2021.10.06"]
[SourceQuality "1"]

1. c4 e5 2. Nc3 Nf6 3. g3 Nc6 4. Bg2 Bc5 5. e3 O-O 6. Nge2 Re8 7. O-O b6 8. d4 exd4 9. exd4 Bf8 10. b3 Bb7 11. Bb2 g6 12. Re1 Rb8 13. Qd2 Bg7 14. Nf4 d6 15. Rxe8+ Nxe8 16. d5 Ne5 17. Re1 Nf6 18. Nce2 Nfd7 19. Nd4 Nc5 20. Nc2 Nxc4 21. bxc4 Bxb2 22. Ne2 Bg7 23. Ned4 a5 24. Na3 Qd7 25. Nab5 Na6 26. Na7 Re8 27. Nac6 Rxe1+ 28. Qxe1 Nc5 29. Ne7+ Kf8 30. Ndc6 Bxc6 31. Nxc6 Nd3 32. Qe2 Ne5 33. Na7 Kg8 34. Nb5 f5 35. f4 Ng4 36. h3 Nf6 37. a4 Qe8 38. Qd2 Qe7 39. Bf3 Kf7 40. Bg2 Nh5 41. Kh2 Kg8 42. Bh1 Nf6 43. Bg2 Ne8 44. Bh1 Qf6 45. Bg2 Kf7 46. Qe2 Qe7 47. Qd2 Bf6 48. Kh1 Ng7 49. Kg1 Qd7 50. Kh1 Bd8 51. Kg1 Qe7 52. Kh1 Qf6 53. Kh2 Qa1 54. Qc2 Qe1 55. Qd3 Qf2 56. Qb3 Ne8 57. Qd3 Qa2 58. Nc3 Qb3 59. Qd2 Qxc4 60. Bf3 Qb4 61. Qc2 Bf6 62. Nd1 Bd4 63. Bg2 Ng7 64. Qxc7+ Kf8 65. Qd8+ Ne8 66. Qd7 Qe1 67. g4 Bg1+ 68. Kh1 Bf2+ 69. Kh2 Qg1# 0-1

[Event "CYCC U08"]
[Site "Ottawa CAN"]
[Date "2007.07.05"]
[Round "5"]
[White "Luo, Alan"]
[Black "Clavelle, Brendan"]
[Result "0-1"]
[WhiteElo "914"]
[BlackElo "1076"]
[PlyCount "74"]
[GameId "2160767910650652"]
[EventDate "2007.07.03"]
[EventType "swiss"]
[EventRounds "7"]
[EventCountry "CAN"]
[SourceTitle "EXT 2022"]
[Source "ChessBase"]
[SourceDate "2021.10.06"]
[SourceVersion "1"]
[SourceVersionDate "2021.10.06"]
[SourceQuality "1"]

1. e4 e5 2. Nf3 Nc6 3. Nc3 Nf6 4. Bb5 a6 5. Bc4 Nxe4 6. Bxf7+ Kxf7 7. Nxe4 d5 8. Neg5+ Ke8 9. d3 h6 10. Nh3 d4 11. Bd2 Nb4 12. a3 Nc6 13. Rf1 Bxh3 14. gxh3 Qe7 15. Qe2 Qe6 16. O-O-O Qa2 17. c3 dxc3 18. Bxc3 Qb3 19. Qc2 Qb5 20. Qe2 Qb3 21. Qc2 Qf7 22. Rfe1 Qxf3 23. Bxe5 Be7 24. Re3 Bg5 25. Bxc7+ Kd7 26. Qd2 Bxe3 27. Qxe3 Qxe3+ 28. fxe3 Kxc7 29. Rg1 Rhf8 30. Rxg7+ Kd8 31. Rxb7 Rf2 32. Rb6 Kd7 33. Rb7+ Kd6 34. Rh7 Rg8 35. Rxh6+ Kc5 36. d4+ Kb6 37. d5 Rg1# 0-1

[Event "CYCC U08"]
[Site "Ottawa CAN"]
[Date "2007.07.05"]
[Round "5"]
[White "Moreno, David2"]
[Black "Roberge, Alexandre"]
[Result "1-0"]
[WhiteElo "1273"]
[BlackElo "743"]
[PlyCount "79"]
[GameId "2160767910650653"]
[EventDate "2007.07.03"]
[EventType "swiss"]
[EventRounds "7"]
[EventCountry "CAN"]
[SourceTitle "EXT 2022"]
[Source "ChessBase"]
[SourceDate "2021.10.06"]
[SourceVersion "1"]
[SourceVersionDate "2021.10.06"]
[SourceQuality "1"]

1. e4 e5 2. Nf3 Nc6 3. Nc3 Nf6 4. Bc4 Bc5 5. O-O d6 6. d3 Ng4 7. Qe1 Na5 8. Bg5 f6 9. Bd2 d5 10. exd5 Nxc4 11. dxc4 e4 12. Qxe4+ Be7 13. Rfe1 f5 14. Qf4 g5 15. Qxg5 c6 16. dxc6 bxc6 17. b4 Be6 18. Rxe6 Qd7 19. Rae1 h6 20. Rxe7+ Kd8 21. Rxd7+ Kxd7 22. Qxf5+ Kd6 23. Qxg4 Rhg8 24. Qxg8 Rxg8 25. c5+ Kd7 26. b5 h5 27. bxc6+ Kxc6 28. Re5 h4 29. Nxh4 Rb8 30. Bf4 Rb2 31. Re6+ Kxc5 32. Na4+ Kd5 33. Re5+ Kd4 34. Nxb2 Kc3 35. g4 Kxb2 36. g5 Kxa2 37. g6 Ka3 38. g7 Ka4 39. g8=Q a5 40. Qb3# 1-0

[Event "CYCC U08"]
[Site "Ottawa CAN"]
[Date "2007.07.05"]
[Round "6"]
[White "Andronescu, Tiberiu"]
[Black "Lee, Jonah"]
[Result "0-1"]
[WhiteElo "1192"]
[BlackElo "1232"]
[PlyCount "68"]
[GameId "2160767910650655"]
[EventDate "2007.07.03"]
[EventType "swiss"]
[EventRounds "7"]
[EventCountry "CAN"]
[SourceTitle "EXT 2022"]
[Source "ChessBase"]
[SourceDate "2021.10.06"]
[SourceVersion "1"]
[SourceVersionDate "2021.10.06"]
[SourceQuality "1"]

1. d4 e6 2. c4 d5 3. cxd5 exd5 4. Nc3 c6 5. Nf3 Nf6 6. e3 Bd6 7. Be2 O-O 8. O-O Bg4 9. Qb3 Qc7 10. h3 Bf5 11. Re1 Nbd7 12. Kh1 Ne4 13. Nxe4 Bxe4 14. Rd1 Nf6 15. Qc3 Bg6 16. Bd3 Bxd3 17. Qxd3 Ne4 18. Rf1 Qe7 19. Bd2 f5 20. Qe2 f4 21. exf4 Ng3+ 22. fxg3 Qxe2 23. Rfe1 Qb5 24. Bc3 Rfe8 25. Rec1 Re2 26. Kg1 Rae8 27. h4 c5 28. Rcb1 cxd4 29. Nxd4 Bc5 30. a4 Bxd4+ 31. Bxd4 Qd3 32. Bxa7 Qxg3 33. Bf2 Qxf2+ 34. Kh1 Qxg2# 0-1

[Event "CYCC U08"]
[Site "Ottawa CAN"]
[Date "2007.07.05"]
[Round "6"]
[White "Carradice, Lemuel"]
[Black "Chamoun, Emile"]
[Result "0-1"]
[WhiteElo "902"]
[BlackElo "1236"]
[PlyCount "54"]
[GameId "2160767910650656"]
[EventDate "2007.07.03"]
[EventType "swiss"]
[EventRounds "7"]
[EventCountry "CAN"]
[SourceTitle "EXT 2022"]
[Source "ChessBase"]
[SourceDate "2021.10.06"]
[SourceVersion "1"]
[SourceVersionDate "2021.10.06"]
[SourceQuality "1"]

1. e3 e6 2. b3 d5 3. Bb2 Nf6 4. Bb5+ c6 5. Ba4 b5 6. Ne2 bxa4 7. bxa4 Bd6 8. Nd4 O-O 9. Nc3 Qc7 10. g4 e5 11. Ndb5 cxb5 12. Nxb5 Qc6 13. Qe2 Bxg4 14. Qf1 a6 15. f3 axb5 16. axb5 Qxc2 17. b6 Qxb2 18. b7 Qxa1+ 19. Ke2 Qxf1+ 20. Rxf1 Ra7 21. fxg4 Rxb7 22. g5 Ne4 23. Kf3 Nxd2+ 24. Ke2 Nxf1 25. Kxf1 Rb2 26. a3 Rc8 27. a4 Rc1# 0-1

[Event "CYCC U08"]
[Site "Ottawa CAN"]
[Date "2007.07.05"]
[Round "6"]
[White "Clavelle, Brendan"]
[Black "Moreno, David2"]
[Result "1-0"]
[WhiteElo "1076"]
[BlackElo "1273"]
[PlyCount "121"]
[GameId "2160767910650657"]
[EventDate "2007.07.03"]
[EventType "swiss"]
[EventRounds "7"]
[EventCountry "CAN"]
[SourceTitle "EXT 2022"]
[Source "ChessBase"]
[SourceDate "2021.10.06"]
[SourceVersion "1"]
[SourceVersionDate "2021.10.06"]
[SourceQuality "1"]

1. e4 e5 2. Nf3 Nc6 3. Bc4 Bc5 4. b4 Bxb4 5. c3 Bc5 6. d4 exd4 7. cxd4 d6 8. dxc5 dxc5 9. Qb3 Na5 10. Bxf7+ Kf8 11. Qa4 b6 12. Bg5 Nf6 13. Ne5 Bd7 14. Nxd7+ Kxf7 15. Ne5+ Kf8 16. O-O Qe7 17. Bxf6 Qd6 18. Rd1 Qe6 19. Rd7 Qxf6 20. Rf7+ Qxf7 21. Nxf7 Kxf7 22. Qd7+ Kf8 23. Qxc7 Ke8 24. Na3 Rf8 25. Rd1 Rf7 26. Qd6 Rf6 27. Qd7+ Kf8 28. e5 Rf7 29. Qd5 Re8 30. e6 Rfe7 31. Qf5+ Kg8 32. Nb5 Rf8 33. Qg4 Rf6 34. Re1 g6 35. Nc7 h5 36. Qg5 Kg7 37. Nd5 Rfxe6 38. Rxe6 Rxe6 39. h3 Nc6 40. Nf4 Re5 41. Qxg6+ Kf8 42. Qxc6 Kf7 43. Qg6+ Ke7 44. Qg7+ Kd6 45. Nd3 Re6 46. Qg5 Kd7 47. Nf4 Rd6 48. Qxh5 a5 49. Qf7+ Kc6 50. Ne6 c4 51. Qc7+ Kd5 52. Nf4+ Ke5 53. Qxc4 Rf6 54. g3 Kd6 55. Qd5+ Ke7 56. Qe5+ Kf7 57. Nd5 Re6 58. Qf5+ Ke8 59. Qxe6+ Kd8 60. Qe7+ Kc8 61. Qc7# 1-0

[Event "CYCC U08"]
[Site "Ottawa CAN"]
[Date "2007.07.05"]
[Round "6"]
[White "Doknjas, John"]
[Black "Awatramani, Janak"]
[Result "0-1"]
[WhiteElo "1352"]
[BlackElo "1336"]
[PlyCount "108"]
[GameId "2160767910650658"]
[EventDate "2007.07.03"]
[EventType "swiss"]
[EventRounds "7"]
[EventCountry "CAN"]
[SourceTitle "EXT 2022"]
[Source "ChessBase"]
[SourceDate "2021.10.06"]
[SourceVersion "1"]
[SourceVersionDate "2021.10.06"]
[SourceQuality "1"]

1. g3 e6 2. Bg2 Nf6 3. Nf3 d5 4. O-O b6 5. d3 Bb7 6. Nbd2 c5 7. Qe1 Be7 8. e4 d4 9. e5 Nfd7 10. Qe2 Nc6 11. Re1 Qc7 12. Nf1 h6 13. a4 a6 14. Bd2 a5 15. b3 Ndb8 16. h4 Na6 17. Bf4 Nab4 18. Qd2 Nd5 19. Rac1 O-O-O 20. N3h2 Ncb4 21. Bxd5 Nxd5 22. Qe2 Nxf4 23. gxf4 Bxh4 24. Qh5 Qc6 25. f3 Bxe1 26. Rxe1 g6 27. Qg4 g5 28. fxg5 hxg5 29. Qe4 Qxe4 30. fxe4 Rdg8 31. Nd2 g4 32. Nc4 Kc7 33. Rf1 Rg7 34. Nd6 g3 35. Nf3 g2 36. Kf2 gxf1=Q+ 37. Kxf1 Rd8 38. Ke2 Rxd6 39. exd6+ Kxd6 40. e5+ Kd7 41. Nd2 Bd5 42. Nc4 Bxc4 43. bxc4 Rg2+ 44. Kd1 Ke7 45. Ke1 Rxc2 46. Kf1 f5 47. exf6+ Kxf6 48. Ke1 Ke5 49. Kd1 Rh2 50. Kc1 Kf4 51. Kb1 Ke3 52. Ka1 Kxd3 53. Kb1 Kc3 54. Ka1 Kb3 0-1

[Event "CYCC U08"]
[Site "Ottawa CAN"]
[Date "2007.07.05"]
[Round "6"]
[White "Sirkovich, Daniel"]
[Black "Li, Yinshi"]
[Result "0-1"]
[WhiteElo "1055"]
[BlackElo "1284"]
[PlyCount "80"]
[GameId "2160767910650661"]
[EventDate "2007.07.03"]
[EventType "swiss"]
[EventRounds "7"]
[EventCountry "CAN"]
[SourceTitle "EXT 2022"]
[Source "ChessBase"]
[SourceDate "2021.10.06"]
[SourceVersion "1"]
[SourceVersionDate "2021.10.06"]
[SourceQuality "1"]

1. e4 e6 2. Nc3 d5 3. Nf3 Nc6 4. Bb5 a6 5. Ba4 Bb4 6. Ne2 dxe4 7. Ne5 Nge7 8. O-O O-O 9. Nxc6 Nxc6 10. Nf4 Bd7 11. Nh5 f5 12. d4 Ne7 13. c3 Bxa4 14. Qxa4 Bd6 15. Bf4 Bxf4 16. Nxf4 Qd6 17. g3 Nd5 18. Nh5 g6 19. c4 Nb6 20. Nf6+ Rxf6 21. Qb3 Qxd4 22. Rac1 Qc5 23. Qc3 Rff8 24. b3 Rad8 25. g4 Qd4 26. Qh3 Qf6 27. Rcd1 Qg5 28. f3 exf3 29. Qxf3 Qxg4+ 30. Qxg4 fxg4 31. Rxf8+ Rxf8 32. c5 Nd5 33. a3 Rf3 34. b4 Rxa3 35. Kg2 Ne3+ 36. Kg3 Nxd1+ 37. Kxg4 Ra4 38. h4 Rxb4+ 39. Kg5 Kg7 40. c6 h6# 0-1

[Event "CYCC U08"]
[Site "Ottawa CAN"]
[Date "2007.07.06"]
[Round "7"]
[White "Awatramani, Janak"]
[Black "Lee, Jonah"]
[Result "1-0"]
[WhiteElo "1352"]
[BlackElo "1232"]
[PlyCount "47"]
[GameId "2160767910650662"]
[EventDate "2007.07.03"]
[EventType "swiss"]
[EventRounds "7"]
[EventCountry "CAN"]
[SourceTitle "EXT 2022"]
[Source "ChessBase"]
[SourceDate "2021.10.06"]
[SourceVersion "1"]
[SourceVersionDate "2021.10.06"]
[SourceQuality "1"]

1. g3 e5 2. Bg2 d5 3. d3 f6 4. a3 c6 5. e4 g6 6. Nc3 Be6 7. f4 Bg7 8. Be3 Ne7 9. h3 O-O 10. Nf3 Nd7 11. g4 Qc7 12. f5 Bf7 13. h4 Rfe8 14. Qc1 Rad8 15. Bh6 Rf8 16. Bxg7 Kxg7 17. Bh3 h6 18. g5 h5 19. fxg6 Nxg6 20. Bxd7 Qxd7 21. gxf6+ Kxf6 22. Qg5+ Ke6 23. Qxh5 Nf4 24. Qxe5# 1-0

[Event "CYCC U08"]
[Site "Ottawa CAN"]
[Date "2007.07.06"]
[Round "7"]
[White "Chamoun, Emile"]
[Black "Kavchak, Michael"]
[Result "1-0"]
[WhiteElo "1236"]
[BlackElo "807"]
[PlyCount "55"]
[GameId "2160767910650663"]
[EventDate "2007.07.03"]
[EventType "swiss"]
[EventRounds "7"]
[EventCountry "CAN"]
[SourceTitle "EXT 2022"]
[Source "ChessBase"]
[SourceDate "2021.10.06"]
[SourceVersion "1"]
[SourceVersionDate "2021.10.06"]
[SourceQuality "1"]

1. e4 e5 2. Nf3 Nc6 3. Bc4 Bc5 4. c3 b5 5. Bxb5 a6 6. Ba4 Nf6 7. O-O O-O 8. d3 Ne7 9. Nbd2 d6 10. Nc4 Bg4 11. b4 Ba7 12. Bb3 Qc8 13. Bg5 Bxf3 14. Qxf3 Qe6 15. Nb6 Qg4 16. Qxg4 Nxg4 17. Bxe7 Bxb6 18. Bxf8 Kxf8 19. h3 Nh6 20. a4 a5 21. b5 Ke7 22. Bd5 Rd8 23. Kh1 Kf6 24. f4 g6 25. g4 exf4 26. Rxf4+ Kg5 27. Raf1 f5 28. h4+ 1-0

[Event "CYCC U08"]
[Site "Ottawa CAN"]
[Date "2007.07.06"]
[Round "7"]
[White "Clavelle, Brendan"]
[Black "Doknjas, John"]
[Result "0-1"]
[WhiteElo "1076"]
[BlackElo "1336"]
[PlyCount "108"]
[GameId "2160767910650664"]
[EventDate "2007.07.03"]
[EventType "swiss"]
[EventRounds "7"]
[EventCountry "CAN"]
[SourceTitle "EXT 2022"]
[Source "ChessBase"]
[SourceDate "2021.10.06"]
[SourceVersion "1"]
[SourceVersionDate "2021.10.06"]
[SourceQuality "1"]

1. e4 e6 2. d4 d5 3. e5 c5 4. dxc5 Bxc5 5. Nf3 Qb6 6. Qe2 Nc6 7. Nc3 a6 8. Na4 Qa5+ 9. Bd2 Qxa4 10. b3 Qe4 11. Ng5 Qxe2+ 12. Bxe2 Bd4 13. Rd1 Bxe5 14. Nf3 Nf6 15. O-O O-O 16. Bg5 Bd7 17. Nxe5 Nxe5 18. Bxf6 gxf6 19. c4 dxc4 20. bxc4 Rfd8 21. h3 Bc6 22. Rxd8+ Rxd8 23. Re1 Nd3 24. Rd1 Be4 25. f3 Bg6 26. Bxd3 Bxd3 27. c5 Kf8 28. Kf2 Ke8 29. Ke3 Bb5 30. Rxd8+ Kxd8 31. Kd4 Kd7 32. g4 Kc6 33. f4 Bf1 34. h4 Bh3 35. g5 fxg5 36. fxg5 Bf5 37. h5 a5 38. Kc4 e5 39. g6 hxg6 40. h6 g5 41. Kc3 g4 42. Kd2 e4 43. Ke2 g3 44. Kf1 Bh3+ 45. Kg1 Bf5 46. h7 Bxh7 47. a4 Kxc5 48. Kg2 b5 49. axb5 a4 50. Kxg3 a3 51. Kf4 a2 52. Ke5 a1=Q+ 53. Kf4 Qf1+ 54. Ke5 Qf5# 0-1

[Event "CYCC U08"]
[Site "Ottawa CAN"]
[Date "2007.07.06"]
[Round "7"]
[White "Moreno, David2"]
[Black "Luo, Alan"]
[Result "0-1"]
[WhiteElo "1273"]
[BlackElo "914"]
[PlyCount "86"]
[GameId "2160767910650666"]
[EventDate "2007.07.03"]
[EventType "swiss"]
[EventRounds "7"]
[EventCountry "CAN"]
[SourceTitle "EXT 2022"]
[Source "ChessBase"]
[SourceDate "2021.10.06"]
[SourceVersion "1"]
[SourceVersionDate "2021.10.06"]
[SourceQuality "1"]

1. e4 e5 2. Nf3 Nc6 3. Nc3 Nf6 4. Bc4 Nxe4 5. Nxe4 d5 6. Bxd5 Qxd5 7. d3 Bf5 8. Ned2 Be6 9. O-O O-O-O 10. c4 Qd6 11. Nb3 e4 12. Ng5 h6 13. Nxf7 Bxf7 14. c5 Qe5 15. Re1 Bxc5 16. Nxc5 Qxc5 17. Be3 Qe5 18. Rc1 Rxd3 19. Bd2 Bd5 20. Rc4 Qxb2 21. Rc2 Qd4 22. Re2 e3 23. Qe1 exd2 24. Rcxd2 Rxd2 25. Rxd2 Qf6 26. a4 Re8 27. Re2 Rxe2 28. Qxe2 Qa1+ 29. Qf1 Qxf1+ 30. Kxf1 Bc4+ 31. Ke1 b5 32. axb5 Bxb5 33. Kd2 a5 34. Kc2 Nd4+ 35. Kb2 Bc6 36. Kc3 Nb5+ 37. Kb3 Bxg2 38. Ka4 Bc6 39. Kxa5 Nd4 40. Kb4 Nf3 41. Kc3 Nxh2 42. Kd2 g5 43. f3 Bxf3 0-1

[Event "CYCC U08"]
[Site "Ottawa CAN"]
[Date "2007.07.06"]
[Round "7"]
[White "Sirkovich, Daniel"]
[Black "Carradice, Lemuel"]
[Result "1-0"]
[WhiteElo "1055"]
[BlackElo "902"]
[PlyCount "53"]
[GameId "2160767910650667"]
[EventDate "2007.07.03"]
[EventType "swiss"]
[EventRounds "7"]
[EventCountry "CAN"]
[SourceTitle "EXT 2022"]
[Source "ChessBase"]
[SourceDate "2021.10.06"]
[SourceVersion "1"]
[SourceVersionDate "2021.10.06"]
[SourceQuality "1"]

1. e4 g6 2. Nf3 Nc6 3. Bc4 Bg7 4. Ng5 f6 5. Nf7 d6 6. Nxd8 Nxd8 7. O-O e6 8. d4 Bd7 9. d5 c6 10. dxe6 Bxe6 11. Bxe6 Nxe6 12. Qxd6 Bf8 13. Qxe6+ Be7 14. Bf4 g5 15. Bd6 c5 16. Rd1 Rd8 17. Nc3 Rxd6 18. Rxd6 Kf8 19. Qc8+ Kf7 20. Qe6+ Kg7 21. Rd7 a5 22. Nd5 Kg6 23. Nxe7+ Nxe7 24. Qxe7 Kh5 25. Qxf6 Rg8 26. f3 a4 27. Rxh7# 1-0

[Event "CYCC U08"]
[Site "Ottawa CAN"]
[Date "2007.07.07"]
[Round "7"]
[White "Roberge, Alexandre"]
[Black "Andronescu, Tiberiu"]
[Result "0-1"]
[WhiteElo "754"]
[BlackElo "1192"]
[PlyCount "52"]
[GameId "2160767910650668"]
[EventDate "2007.07.03"]
[EventType "swiss"]
[EventRounds "7"]
[EventCountry "CAN"]
[SourceTitle "EXT 2022"]
[Source "ChessBase"]
[SourceDate "2021.10.06"]
[SourceVersion "1"]
[SourceVersionDate "2021.10.06"]
[SourceQuality "1"]

1. e4 c5 2. Nf3 g6 3. Bd3 Nc6 4. O-O e5 5. Nc3 Nf6 6. Bc4 h6 7. Bb3 b5 8. a4 b4 9. Nd5 Nxe4 10. Qe2 Nf6 11. Nxe5 Nxe5 12. Qxe5+ Be7 13. Nxe7 Qxe7 14. Qxe7+ Kxe7 15. Re1+ Kf8 16. d3 Bb7 17. Bf4 Rc8 18. Bd6+ Kg8 19. Re7 Rf8 20. Bxf7+ Rxf7 21. Re3 Kh7 22. Be5 Ng4 23. Ree1 Rxf2 24. h3 Rxg2+ 25. Kf1 Rf8+ 26. Bf4 Rxf4# 0-1

[Event "CYCC U08 w"]
[Site "Ottawa CAN"]
[Date "2007.07.03"]
[Round "1"]
[White "Milicevic, Aleksandra"]
[Black "Wang, Kelly"]
[Result "0-1"]
[WhiteElo "755"]
[BlackElo "1388"]
[PlyCount "30"]
[GameId "2160767910650669"]
[EventDate "2007.07.03"]
[EventType "tourn"]
[EventRounds "7"]
[EventCountry "CAN"]
[SourceTitle "EXT 2022"]
[Source "ChessBase"]
[SourceDate "2021.10.06"]
[SourceVersion "1"]
[SourceVersionDate "2021.10.06"]
[SourceQuality "1"]

1. e4 e5 2. Nf3 Nc6 3. d4 exd4 4. Nxd4 Nf6 5. Qd3 Nxd4 6. Qxd4 d6 7. Bc4 Be7 8. O-O O-O 9. Bg5 c5 10. Qe3 b6 11. Qh3 Bxh3 12. gxh3 Nxe4 13. Bxe7 Qxe7 14. Re1 Qg5+ 15. Kh1 Nxf2# 0-1